[Event "12. Open Internacional C. A. Villaverde"]
[Site "Madrid ESP"]
[Date "2010.04.20"]
[Round "2.12"]
[White "Hernandez Mateo, Javier"]
[Black "Keller, August"]
[Result "1/2-1/2"]
[WhiteElo "1696"]
[BlackElo "1770"]
[PlyCount "95"]
[EventDate "2010.04.19"]
[EventType "swiss"]
[EventRounds "8"]
[EventCountry "ESP"]
[Source "lmi"]
[SourceDate "2010.04.19"]

1. d4 Nf6 2. c4 c5 3. d5 d6 4. Nc3 g6 5. e4 Bg7 6. Nf3 Bg4 7. Be2 O-O 8. O-O
Na6 9. a3 Nc7 10. Qc2 Bxf3 11. Bxf3 Nd7 12. Be2 e6 13. f4 exd5 14. exd5 Bd4+
15. Kh1 f5 16. Bf3 Re8 17. Ne2 Bg7 18. Bd2 b5 19. b3 Bxa1 20. Rxa1 Nf6 21. Ng3
bxc4 22. bxc4 Na6 23. Qc3 Nb8 24. Bd1 Nbd7 25. Ba4 Rb8 26. Qd3 Qe7 27. Bc3 Qe3
28. Qc2 Qxf4 29. Bxf6 Nxf6 30. Bxe8 Rxe8 31. Rf1 Qe5 32. Kg1 Qe3+ 33. Kh1 Qxa3
34. Nxf5 gxf5 35. Qxf5 Qc3 36. g4 Qe5 37. Qxf6 Qxf6 38. Rxf6 Re4 39. Rxd6 Rxc4
40. Rd8+ Kf7 41. Rd7+ Kg6 42. Rxa7 Rxg4 43. d6 Rd4 44. Rc7 Rxd6 45. Rxc5 Rd2
46. Kg1 h5 47. h3 h4 48. Kh1 1/2-1/2

[Event "12. Open Internacional C. A. Villaverde"]
[Site "Madrid ESP"]
[Date "2010.04.20"]
[Round "2.13"]
[White "Benito Mellado, Humberto"]
[Black "Rodriguez Bachiller, Luis"]
[Result "0-1"]
[WhiteElo "1648"]
[BlackElo "1897"]
[PlyCount "38"]
[EventDate "2010.04.19"]
[EventType "swiss"]
[EventRounds "8"]
[EventCountry "ESP"]
[Source "lmi"]
[SourceDate "2010.04.19"]

1. d4 f5 2. c4 Nf6 3. Nc3 e6 4. Nf3 c6 5. Bg5 h6 6. Bh4 g5 7. Nxg5 hxg5 8. Bxg5
Be7 9. e3 Ng4 10. Bf4 Bh4 11. g3 Bg5 12. Ne2 Rxh2 13. Rxh2 Nxh2 14. Kd2 Ng4 15.
Bh3 Nxf2 16. Qf1 Ne4+ 17. Kd3 d5 18. c5 Na6 19. Bd6 Nb4# 0-1

[Event "12. Open Internacional C. A. Villaverde"]
[Site "Madrid ESP"]
[Date "2010.04.20"]
[Round "2.14"]
[White "Cortijo Manso, Luis"]
[Black "Pozuelo Yuen, Fernando"]
[Result "1-0"]
[WhiteElo "1614"]
[BlackElo "1821"]
[PlyCount "59"]
[EventDate "2010.04.19"]
[EventType "swiss"]
[EventRounds "8"]
[EventCountry "ESP"]
[Source "lmi"]
[SourceDate "2010.04.19"]

1. e4 e6 2. d4 d5 3. exd5 exd5 4. Bd3 Bd6 5. Ne2 Qh4 6. h3 Nc6 7. Be3 Nge7 8.
Qd2 Nb4 9. Nbc3 Nxd3+ 10. Qxd3 c6 11. Qd2 h6 12. O-O-O Bf5 13. g3 Qf6 14. g4
Be6 15. Bf4 Bxf4 16. Qxf4 Qxf4+ 17. Nxf4 g5 18. Nh5 Ng6 19. Rde1 Kd7 20. Ne2 f5
21. gxf5 Bxf5 22. f4 Nxf4 23. Nexf4 gxf4 24. Nxf4 Be4 25. Rhg1 Rhg8 26. Nh5 Kd6
27. Nf6 Rxg1 28. Rxg1 Bf5 29. Nh5 Re8 30. Ng7 1-0

[Event "12. Open Internacional C. A. Villaverde"]
[Site "Madrid ESP"]
[Date "2010.04.20"]
[Round "2.15"]
[White "Nieto Esteban, Manuel"]
[Black "Jimenez Vera, Ruben"]
[Result "0-1"]
[WhiteElo "1817"]
[BlackElo "1587"]
[PlyCount "96"]
[EventDate "2010.04.19"]
[EventType "swiss"]
[EventRounds "8"]
[EventCountry "ESP"]
[Source "lmi"]
[SourceDate "2010.04.19"]

1. d4 Nf6 2. c4 e6 3. Nf3 Bb4+ 4. Bd2 Bxd2+ 5. Qxd2 O-O 6. Nc3 b6 7. e4 d6 8.
O-O-O Bb7 9. Bd3 Nbd7 10. h4 e5 11. d5 Nc5 12. Rdg1 Ng4 13. Ng5 Nxd3+ 14. Qxd3
Nxf2 15. Qf3 Nxh1 16. Rxh1 Qf6 17. Qe2 Qh6 18. Kb1 Bc8 19. Nb5 f5 20. Nxc7 Rb8
21. g3 fxe4 22. Nxe4 Qg6 23. Ka1 Bf5 24. h5 Qg4 25. Qxg4 Bxg4 26. Nxd6 Rf2 27.
b3 Rbf8 28. Rh4 Re2 29. Rh1 Rff2 30. Ne6 Rxa2+ 31. Kb1 Rfb2+ 32. Kc1 Rxb3 33.
h6 Ra1+ 34. Kc2 Rxh1 35. Kxb3 Rh3 36. hxg7 Rxg3+ 37. Kb4 Bxe6 38. dxe6 Rxg7 39.
c5 bxc5+ 40. Kxc5 h5 41. Nf5 Rh7 42. Kd6 a5 43. Kxe5 a4 44. Kd4 a3 45. Kc3 a2
46. Kb2 Ra7 47. Ka1 Ra5 48. Nd6 Kf8 0-1

[Event "12. Open Internacional C. A. Villaverde"]
[Site "Madrid ESP"]
[Date "2010.04.20"]
[Round "2.17"]
[White "Urena Castellanos, Antonio"]
[Black "Martinez Miura, Enrique"]
[Result "1-0"]
[WhiteElo "1613"]
[BlackElo "1724"]
[PlyCount "145"]
[EventDate "2010.04.19"]
[EventType "swiss"]
[EventRounds "8"]
[EventCountry "ESP"]
[Source "lmi"]
[SourceDate "2010.04.19"]

1. c4 e6 2. d4 d5 3. e3 Nf6 4. Nf3 c6 5. Bd3 Nbd7 6. Nc3 Be7 7. a4 a5 8. Bd2
O-O 9. h3 h6 10. O-O b6 11. Rc1 Bb7 12. Re1 Re8 13. Rb1 Bb4 14. Nh2 e5 15. cxd5
cxd5 16. Bb5 exd4 17. exd4 Rxe1+ 18. Qxe1 Qc7 19. Rc1 Re8 20. Qd1 Qb8 21. Ng4
Re7 22. Bd3 Nxg4 23. Qxg4 Nf6 24. Qf3 Bxc3 25. bxc3 Ne4 26. Bf4 Qe8 27. Bb5 Bc6
28. c4 Bxb5 29. cxb5 Re6 30. Qb3 Rf6 31. Be3 Qd7 32. Qc2 Rg6 33. Qc8+ Qxc8 34.
Rxc8+ Kh7 35. Rc7 Rf6 36. g3 g5 37. Kg2 Kg7 38. f4 Re6 39. Kf3 Nxg3 40. fxg5
hxg5 41. Bxg5 Nf5 42. Bd8 Nxd4+ 43. Kf2 Re2+ 44. Kg1 Nf3+ 45. Kf1 Ra2 46. Rc3
Nd2+ 47. Ke1 Ne4 48. Rd3 Rxa4 49. Bxb6 Rb4 50. Bd4+ f6 51. b6 Kf7 52. h4 Nd6
53. Bc5 Rb1+ 54. Ke2 Ne4 55. Bd4 Kg6 56. Ra3 Rb5 57. Ra2 Kh5 58. Rb2 Rxb2+ 59.
Bxb2 Nc5 60. Bxf6 a4 61. Be7 Nb7 62. Kd3 Kg6 63. Kd4 Kf7 64. Ba3 Ke6 65. h5 Kf5
66. h6 Kg6 67. Bf8 a3 68. Kxd5 a2 69. Bg7 a1=Q 70. Bxa1 Kxh6 71. Kc6 Na5+ 72.
Kc7 Kg6 73. Bc3 1-0

[Event "12. Open Internacional C. A. Villaverde"]
[Site "Madrid ESP"]
[Date "2010.04.20"]
[Round "2.18"]
[White "Gutierrez Garcia, Alberto"]
[Black "Hernandez Mateo, Borja"]
[Result "1-0"]
[WhiteElo "1722"]
[BlackElo "1565"]
[PlyCount "125"]
[EventDate "2010.04.19"]
[EventType "swiss"]
[EventRounds "8"]
[EventCountry "ESP"]
[Source "lmi"]
[SourceDate "2010.04.19"]

1. e4 c5 2. Nc3 d6 3. Nf3 Nc6 4. d4 cxd4 5. Nxd4 Nf6 6. Bc4 e6 7. O-O Be7 8.
Be3 O-O 9. a3 a6 10. Ba2 Bd7 11. h3 Rc8 12. Qe2 b5 13. f4 Nxd4 14. Bxd4 Bc6 15.
Rad1 Qc7 16. e5 dxe5 17. fxe5 Nd7 18. Qh5 Bc5 19. Bxc5 Nxc5 20. Rf4 Nd7 21. Re1
Qb6+ 22. Kh2 Rcd8 23. Rxf7 Rxf7 24. Bxe6 Rdf8 25. Rf1 Bf3 26. Bxf7+ Rxf7 27.
Rxf3 Nxe5 28. Rxf7 Nxf7 29. Qd5 h6 30. Qa8+ Kh7 31. Qe4+ g6 32. Nd5 Qd6+ 33.
Kh1 Kg7 34. Qd4+ Ne5 35. c3 h5 36. Nb4 Qxd4 37. cxd4 a5 38. Nc2 Nc6 39. Kg1 b4
40. axb4 axb4 41. d5 b3 42. Ne3 Nb4 43. d6 Kf7 44. Nc4 Ke6 45. Kf2 Nc6 46. Ke3
Nd8 47. Kd3 Nf7 48. Kc3 Nxd6 49. Nxd6 Kxd6 50. Kxb3 Ke5 51. Kc4 Kf4 52. b4 Kg3
53. b5 Kxg2 54. b6 Kxh3 55. b7 Kg2 56. b8=Q g5 57. Qe5 g4 58. Qxh5 g3 59. Kd3
Kg1 60. Qd1+ Kh2 61. Qh5+ Kg1 62. Ke2 g2 63. Qg4 1-0

[Event "12. Open Internacional C. A. Villaverde"]
[Site "Madrid ESP"]
[Date "2010.04.20"]
[Round "2.18"]
[White "Martin Rodriguez, Jose L"]
[Black "Garcia-Ines Sanchez, Gustavo"]
[Result "0-1"]
[WhiteElo "1510"]
[BlackElo "1719"]
[PlyCount "58"]
[EventDate "2010.04.19"]
[EventType "swiss"]
[EventRounds "8"]
[EventCountry "ESP"]
[Source "lmi"]
[SourceDate "2010.04.19"]

1. e4 c5 2. Nf3 d6 3. d4 cxd4 4. Nxd4 Nf6 5. Nc3 g6 6. Be3 Bg7 7. f3 a6 8. a4
e5 9. Nde2 O-O 10. Qd2 Re8 11. Nd5 Nxd5 12. Qxd5 Nc6 13. Qd2 Be6 14. Nc3 Rc8
15. Nd5 Nd4 16. Bxd4 exd4 17. O-O-O Rc5 18. b4 Rc8 19. Bd3 Bxd5 20. exd5 Re3
21. Rhe1 Bh6 22. Kb1 Qg5 23. Rxe3 dxe3 24. Qe2 Qxd5 25. Kc1 Qa2 26. c4 Qa1+ 27.
Bb1 Qxa4 28. Bd3 Qxb4 29. Qc2 e2+ 0-1

[Event "12. Open Internacional C. A. Villaverde"]
[Site "Madrid ESP"]
[Date "2010.04.21"]
[Round "3.1"]
[White "Gemy, Jose Daniel"]
[Black "Lopez-Andujar Ocaña, Antonio"]
[Result "1-0"]
[WhiteElo "2215"]
[BlackElo "2093"]
[PlyCount "63"]
[EventDate "2010.04.19"]
[EventType "swiss"]
[EventRounds "8"]
[EventCountry "ESP"]
[Source "lmi"]
[SourceDate "2010.04.19"]

1. d4 Nf6 2. c4 e6 3. Nf3 c5 4. Nc3 cxd4 5. Qxd4 Nc6 6. Qd3 d5 7. Bf4 d4 8. Nb5
Bb4+ 9. Kd1 O-O 10. a3 e5 11. Nxe5 Bc5 12. b4 Nxe5 13. Bxe5 Ng4 14. Bg3 a6 15.
h3 Nh6 16. Nc7 Bf5 17. Qd2 Be7 18. Nxa8 Qxa8 19. Bf4 Rd8 20. Rg1 a5 21. Bc7 Rc8
22. Bxa5 b6 23. Bxb6 Qa4+ 24. Ke1 Rxc4 25. Bxd4 Rc2 26. Qe3 Be6 27. g4 Kf8 28.
Bg2 Bc4 29. Bf3 Qa6 30. Rc1 Ra2 31. Bc5 Bd6 32. Rxc4 1-0

[Event "12. Open Internacional C. A. Villaverde"]
[Site "Madrid ESP"]
[Date "2010.04.21"]
[Round "3.1"]
[White "Vazquez Gonzalez, Jesus"]
[Black "Ramirez Garcia, Jorge Alberto"]
[Result "0-1"]
[WhiteElo "2073"]
[BlackElo "2185"]
[PlyCount "98"]
[EventDate "2010.04.19"]
[EventType "swiss"]
[EventRounds "8"]
[EventCountry "ESP"]
[Source "lmi"]
[SourceDate "2010.04.19"]

1. e4 c6 2. d4 d5 3. e5 Bf5 4. Ne2 e6 5. Ng3 Ne7 6. h4 c5 7. c3 cxd4 8. cxd4
Bxb1 9. Rxb1 Nec6 10. a3 Nd7 11. Be3 Qa5+ 12. Qd2 Qb6 13. Rc1 Be7 14. f4 Qd8
15. h5 O-O 16. Bb5 Rc8 17. O-O f5 18. exf6 Nxf6 19. f5 Qb6 20. Bxc6 Rxc6 21.
Rxc6 Qxc6 22. h6 g6 23. fxg6 hxg6 24. Bg5 Qd6 25. Bf4 Qd7 26. Be5 Kh7 27. Qg5
Ng8 28. Qc1 Rxf1+ 29. Nxf1 Nxh6 30. Nh2 Qc6 31. Qd2 Qc8 32. g4 Qd8 33. Bf4 Nf7
34. Nf3 Kg7 35. Qe3 Bd6 36. Ng5 Nxg5 37. Bxg5 Qd7 38. Bh6+ Kh7 39. Qh3 Kg8 40.
Qh4 Qe7 41. Bg5 Qh7 42. Qf2 Qh3 43. Qe2 e5 44. Bf4 exf4 45. Qe6+ Kg7 46. Qd7+
Be7 47. Qxe7+ Kh6 48. Qf8+ Kg5 49. Qc8 Qxg4+ 0-1

[Event "12. Open Internacional C. A. Villaverde"]
[Site "Madrid ESP"]
[Date "2010.04.21"]
[Round "3.2"]
[White "Lopez De Turiso, Jose Angel"]
[Black "Iagar, Razvan-Gabriel"]
[Result "1/2-1/2"]
[WhiteElo "2118"]
[BlackElo "2013"]
[PlyCount "45"]
[EventDate "2010.04.19"]
[EventType "swiss"]
[EventRounds "8"]
[EventCountry "ESP"]
[Source "lmi"]
[SourceDate "2010.04.19"]

1. e4 e6 2. d4 d5 3. exd5 exd5 4. c4 Nf6 5. Nc3 c6 6. Bd3 Be7 7. Nge2 Nbd7 8.
O-O dxc4 9. Bxc4 Nb6 10. Bb3 O-O 11. Nf4 Qc7 12. h3 Rd8 13. Be3 Nbd5 14. Ncxd5
Nxd5 15. Nxd5 cxd5 16. Rc1 Qb6 17. Qc2 Be6 18. Qc7 Qb4 19. Qc3 Rac8 20. Qxb4
Bxb4 21. Rxc8 Rxc8 22. Rc1 Rxc1+ 23. Bxc1 1/2-1/2

[Event "12. Open Internacional C. A. Villaverde"]
[Site "Madrid ESP"]
[Date "2010.04.21"]
[Round "3.4"]
[White "Cruz Monzon, Jose"]
[Black "Perez Cameselle, Francisco"]
[Result "1/2-1/2"]
[WhiteElo "2010"]
[BlackElo "1958"]
[PlyCount "73"]
[EventDate "2010.04.19"]
[EventType "swiss"]
[EventRounds "8"]
[EventCountry "ESP"]
[Source "lmi"]
[SourceDate "2010.04.19"]

1. d4 Nf6 2. c4 c5 3. d5 b5 4. cxb5 a6 5. bxa6 Bxa6 6. Nc3 g6 7. g3 d6 8. e4
Bxf1 9. Kxf1 Bg7 10. Nf3 Nbd7 11. h3 O-O 12. Kg2 Qb6 13. Re1 Rfb8 14. Re2 Qb7
15. Kh2 Ne8 16. Bg5 Kf8 17. Qd2 Ra6 18. Rae1 Rb6 19. b3 Qa6 20. Bh6 Qa5 21.
Bxg7+ Kxg7 22. e5 dxe5 23. Nxe5 Nxe5 24. Rxe5 Nd6 25. Rxe7 Nf5 26. R7e4 Rb4 27.
Qf4 Rxe4 28. Nxe4 Qxe1 29. Qe5+ Kh6 30. Qf4+ Kg7 31. Qe5+ Kh6 32. g4 f6 33.
Qf4+ Kg7 34. Qc7+ Kh6 35. Qf4+ Kg7 36. Qc7+ Kh6 37. Qf4+ 1/2-1/2

[Event "12. Open Internacional C. A. Villaverde"]
[Site "Madrid ESP"]
[Date "2010.04.21"]
[Round "3.5"]
[White "Martin-Consuegra Barrilero, Javier"]
[Black "Martin Rodriguez, Emilio"]
[Result "1/2-1/2"]
[WhiteElo "1905"]
[BlackElo "2071"]
[PlyCount "124"]
[EventDate "2010.04.19"]
[EventType "swiss"]
[EventRounds "8"]
[EventCountry "ESP"]
[Source "lmi"]
[SourceDate "2010.04.19"]

1. d4 Nf6 2. Nf3 d5 3. Bf4 g6 4. h3 Bg7 5. e3 c5 6. c3 Nc6 7. Nbd2 cxd4 8. exd4
O-O 9. Be2 Bf5 10. O-O Re8 11. Ne5 Nxe5 12. Bxe5 a6 13. a4 Qd7 14. a5 h5 15.
Re1 Bh6 16. Nf1 Rac8 17. Ng3 Ne4 18. Nxe4 Bxe4 19. Bd3 Bxd3 20. Qxd3 Rc6 21.
Bg3 Rec8 22. Re2 Re6 23. Rxe6 Qxe6 24. Kf1 Qc6 25. f3 Kf8 26. Be1 Qd6 27. Bd2
Bg7 28. Re1 Qh2 29. Qe3 Qc7 30. Qg5 e6 31. b4 Qc4+ 32. Kf2 Qd3 33. Qe3 Qc2 34.
Re2 Kg8 35. Be1 Qb3 36. Qf4 Qc4 37. g4 e5 38. Rxe5 Bxe5 39. Qxe5 hxg4 40. hxg4
Qc7 41. f4 Qxe5 42. dxe5 Rc4 43. Kf3 d4 44. cxd4 Rxd4 45. Ke3 Rc4 46. Bd2 Rc6
47. Kd3 Kf8 48. Be3 f6 49. Bc5+ Kf7 50. exf6 Kxf6 51. Ke4 Re6+ 52. Kf3 Re1 53.
Be3 Ke6 54. Ke4 Re2 55. f5+ gxf5+ 56. gxf5+ Kf7 57. Kf4 Re1 58. Bd4 Re8 59. Bc5
Re2 60. Kf3 Re1 61. Kf4 Re8 62. Bd4 Re1 1/2-1/2

[Event "12. Open Internacional C. A. Villaverde"]
[Site "Madrid ESP"]
[Date "2010.04.21"]
[Round "3.6"]
[White "Camarero Izquierdo, Juan Carlos"]
[Black "Ruiz Quevedo, Andres"]
[Result "0-1"]
[WhiteElo "1924"]
[BlackElo "1918"]
[PlyCount "48"]
[EventDate "2010.04.19"]
[EventType "swiss"]
[EventRounds "8"]
[EventCountry "ESP"]
[Source "lmi"]
[SourceDate "2010.04.19"]

1. e4 c5 2. Nf3 g6 3. Bc4 Bg7 4. d4 cxd4 5. Nxd4 Nc6 6. Be3 Nf6 7. Nxc6 bxc6 8.
Nc3 O-O 9. e5 Nd5 10. Nxd5 cxd5 11. Qxd5 Rb8 12. O-O-O d6 13. Bxa7 Be6 14. Qe4
Rb4 15. b3 Qa5 16. Qe3 Bxc4 17. bxc4 Bxe5 18. Bd4 Rfb8 19. Kd2 Rxc4+ 20. Ke2
Rxc2+ 21. Kf3 Qd5+ 22. Kg4 h5+ 23. Kh3 Qe6+ 24. g4 Qxg4# 0-1

[Event "12. Open Internacional C. A. Villaverde"]
[Site "Madrid ESP"]
[Date "2010.04.21"]
[Round "3.7"]
[White "Fuentes Arjona, Antonio"]
[Black "Tirado Parra, Alberto"]
[Result "1-0"]
[WhiteElo "2019"]
[BlackElo "1943"]
[PlyCount "47"]
[EventDate "2010.04.19"]
[EventType "swiss"]
[EventRounds "8"]
[EventCountry "ESP"]
[Source "lmi"]
[SourceDate "2010.04.19"]

1. e4 e5 2. d4 exd4 3. f4 Bc5 4. Nf3 Nc6 5. a3 Bb6 6. Bd3 d5 7. e5 Nge7 8. O-O
Bf5 9. Re1 O-O 10. g4 Bxg4 11. Bxh7+ Kh8 12. Bd3 Qd7 13. Qe2 Nf5 14. Qf2 g6 15.
Ng5 Rae8 16. Nd2 Kg7 17. Nf1 Rh8 18. b4 Rh5 19. Ng3 Rxg5 20. fxg5 Rxe5 21. Rxe5
Nxe5 22. Bb2 Nf3+ 23. Kh1 Ne3 24. Qxe3 1-0

[Event "12. Open Internacional C. A. Villaverde"]
[Site "Madrid ESP"]
[Date "2010.04.21"]
[Round "3.8"]
[White "Keller, August"]
[Black "Lopez Heras, Arturo"]
[Result "0-1"]
[WhiteElo "1770"]
[BlackElo "2001"]
[PlyCount "80"]
[EventDate "2010.04.19"]
[EventType "swiss"]
[EventRounds "8"]
[EventCountry "ESP"]
[Source "lmi"]
[SourceDate "2010.04.19"]

1. e4 e5 2. Nf3 Nc6 3. Bb5 f5 4. d3 fxe4 5. dxe4 Nf6 6. Qe2 d6 7. Nc3 a6 8. Ba4
b5 9. Bb3 Bg4 10. h3 Nd4 11. Qd3 Bxf3 12. gxf3 c5 13. Bd5 c4 14. Qd1 Rc8 15.
Be3 Qb6 16. Bxd4 exd4 17. Ne2 Qc5 18. Qxd4 Qxd4 19. Nxd4 Nxd5 20. exd5 Rc5 21.
O-O-O Rxd5 22. Rhe1+ Kd7 23. Ne6 Rxd1+ 24. Kxd1 g6 25. c3 Bh6 26. h4 a5 27. Ng5
Rf8 28. Nxh7 Rxf3 29. Re2 Rf7 30. Ng5 Bxg5 31. hxg5 Rf5 32. b3 Rxg5 33. bxc4
bxc4 34. Kd2 Re5 35. Rxe5 dxe5 36. Ke3 a4 37. Ke4 Kd6 38. f3 Ke6 39. f4 exf4
40. Kxf4 a3 0-1

[Event "12. Open Internacional C. A. Villaverde"]
[Site "Madrid ESP"]
[Date "2010.04.21"]
[Round "3.9"]
[White "Jimenez Vera, Ruben"]
[Black "Gomez Ferrer, Jesus"]
[Result "0-1"]
[WhiteElo "1587"]
[BlackElo "1996"]
[PlyCount "64"]
[EventDate "2010.04.19"]
[EventType "swiss"]
[EventRounds "8"]
[EventCountry "ESP"]
[Source "lmi"]
[SourceDate "2010.04.19"]

1. d4 d5 2. c4 c6 3. Nc3 Nf6 4. Nf3 e6 5. Bg5 Nbd7 6. c5 Qa5 7. Qa4 Qxa4 8.
Nxa4 Ne4 9. Bf4 b6 10. Ne5 Nxe5 11. Bxe5 bxc5 12. dxc5 f6 13. Bd4 e5 14. f3 Ng5
15. h4 Ne6 16. Bf2 Rb8 17. Rb1 d4 18. b4 Nxc5 19. Nxc5 Bxc5 20. e3 dxe3 21. Bg1
Ke7 22. b5 a6 23. Rc1 Bb4+ 24. Kd1 Rd8+ 25. Ke2 Rd2+ 26. Kxe3 cxb5 27. Rb1 Ba5
28. a4 f5 29. g3 Bd7 30. axb5 Bxb5 31. Bxb5 axb5 32. Ra1 Rbd8 0-1

[Event "12. Open Internacional C. A. Villaverde"]
[Site "Madrid ESP"]
[Date "2010.04.21"]
[Round "3.11"]
[White "Vidaurre Vargas, Luis"]
[Black "Hernandez Mateo, Javier"]
[Result "1-0"]
[WhiteElo "1945"]
[BlackElo "1696"]
[PlyCount "107"]
[EventDate "2010.04.19"]
[EventType "swiss"]
[EventRounds "8"]
[EventCountry "ESP"]
[Source "lmi"]
[SourceDate "2010.04.19"]

1. d4 Nf6 2. c4 c5 3. d5 e6 4. Nc3 exd5 5. cxd5 d6 6. e4 g6 7. h3 Bg7 8. Nf3
O-O 9. Bc4 Re8 10. Qc2 Na6 11. a3 Nc7 12. O-O a6 13. a4 Rb8 14. a5 Bd7 15. Bf4
Bb5 16. b3 b6 17. axb6 Rxb6 18. Rfe1 Nh5 19. Bg5 Qb8 20. Ra2 Bd7 21. g4 Nf6 22.
Qc1 Nb5 23. Na4 Rb7 24. Qf4 Qd8 25. e5 Nd4 26. Nxd4 cxd4 27. Qxd4 Bxa4 28. Rxa4
Qb8 29. e6 Qd8 30. Rxa6 h6 31. Bf4 Nxg4 32. Qd2 Ne5 33. Bxe5 Bxe5 34. Rxe5 dxe5
35. Qxh6 Qf6 36. exf7+ Qxf7 37. Rxg6+ Qxg6+ 38. Qxg6+ Rg7 39. d6+ Kf8 40. Qxg7+
Kxg7 41. d7 Rd8 42. Bb5 Kf6 43. Bc6 Ke7 44. b4 Kd6 45. b5 Kc7 46. f3 Rf8 47.
Kg2 Rf4 48. Kg3 Rd4 49. h4 Kb6 50. h5 Kc7 51. h6 Rd6 52. h7 Rh6 53. b6+ Kd8 54.
b7 1-0

[Event "12. Open Internacional C. A. Villaverde"]
[Site "Madrid ESP"]
[Date "2010.04.21"]
[Round "3.12"]
[White "Lozano Sanchez, Jose Antonio"]
[Black "Cortijo Manso, Luis"]
[Result "1-0"]
[WhiteElo "1913"]
[BlackElo "1614"]
[PlyCount "115"]
[EventDate "2010.04.19"]
[EventType "swiss"]
[EventRounds "8"]
[EventCountry "ESP"]
[Source "lmi"]
[SourceDate "2010.04.19"]

1. e4 c5 2. Nf3 e6 3. Bc4 a6 4. a4 Nc6 5. Nc3 Nge7 6. d3 d5 7. exd5 exd5 8. Bb3
g6 9. Bg5 Bg7 10. Nxd5 Be6 11. Nf6+ Bxf6 12. Bxf6 O-O 13. Bxe6 fxe6 14. Bg5
Qa5+ 15. Qd2 Qxd2+ 16. Nxd2 Nf5 17. Ne4 h6 18. Bd2 Ncd4 19. Rc1 Rfc8 20. c3 Nb3
21. Rd1 g5 22. O-O Kg7 23. Rfe1 Rc6 24. Be3 Rd8 25. Nd2 Nxd2 26. Rxd2 Nxe3 27.
Rxe3 c4 28. Kf1 Rd5 29. Ke1 b5 30. axb5 axb5 31. dxc4 bxc4 32. Re4 Kf6 33. Kd1
Kf5 34. f3 Kf6 35. Ke2 Kf5 36. Ke3 Kf6 37. h4 Kf5 38. hxg5 hxg5 39. g4+ Kf6 40.
Rh2 Kg6 41. Rd4 Re5+ 42. Kd2 Rd5 43. Rxd5 exd5 44. Ke3 Rf6 45. Rd2 Re6+ 46. Kd4
Rf6 47. Kxd5 Rxf3 48. Kxc4 Rf8 49. Rd6+ Kh7 50. b4 Rc8+ 51. Kd4 Rb8 52. Rd5 Kg6
53. b5 Ra8 54. Rd6+ Kf7 55. c4 Ra1 56. Kc5 Re1 57. b6 Re5+ 58. Rd5 1-0

[Event "12. Open Internacional C. A. Villaverde"]
[Site "Madrid ESP"]
[Date "2010.04.21"]
[Round "3.13"]
[White "Alvarez Gonzalez, Eduardo"]
[Black "Urena Castellanos, Antonio"]
[Result "1-0"]
[WhiteElo "1884"]
[BlackElo "1613"]
[PlyCount "133"]
[EventDate "2010.04.19"]
[EventType "swiss"]
[EventRounds "8"]
[EventCountry "ESP"]
[Source "lmi"]
[SourceDate "2010.04.19"]

1. d4 e6 2. Nf3 d5 3. c4 c6 4. Qc2 Nf6 5. Bg5 Be7 6. e3 Nbd7 7. Nc3 h6 8. Bh4
a6 9. Rc1 O-O 10. Bd3 dxc4 11. Bxc4 Rb8 12. O-O Nb6 13. Be2 Nbd5 14. Na4 b5 15.
Nc5 a5 16. Ne5 Rb6 17. a3 g5 18. Bg3 Nd7 19. Bh5 Nxe5 20. Bxe5 f5 21. Bf3 g4
22. Bxg4 Nf6 23. Bf3 Qe8 24. Bc7 Bxc5 25. Qxc5 Ra6 26. Bxc6 Bd7 27. Bb7 Ne4 28.
Bxe4 fxe4 29. Qe5 Rf5 30. Qg3+ Rg5 31. Qh4 Qg6 32. g3 Ra8 33. Bf4 Rh5 34. Qe7
Be8 35. h4 Rf5 36. Rc7 Rf7 37. Qc5 Rd8 38. Rxf7 Bxf7 39. Qc7 Rf8 40. Rc1 h5 41.
Qe5 Rd8 42. Qxb5 Rd5 43. Qb8+ Be8 44. Rc8 Kf8 45. Bh6+ Ke7 46. Bg5+ Kf8 47.
Qf4+ Qf5 48. Bh6+ Kf7 49. Rc7+ Bd7 50. Qg5 Qxg5 51. Bxg5 Kg6 52. b4 axb4 53.
axb4 Ba4 54. Kg2 Rb5 55. Be7 Bd1 56. Rc5 Rb7 57. Bd6 Bf3+ 58. Kf1 Ra7 59. Ra5
Rb7 60. Bc5 Kf5 61. b5 e5 62. d5 Rc7 63. b6 Rc8 64. Rb5 Bd1 65. Bd6 Bc2 66. Rb2
Bd3+ 67. Ke1 1-0

[Event "12. Open Internacional C. A. Villaverde"]
[Site "Madrid ESP"]
[Date "2010.04.21"]
[Round "3.15"]
[White "Garcia Lopez, Fernando"]
[Black "Sierra Soria, Maria"]
[Result "1-0"]
[WhiteElo "1660"]
[BlackElo "1744"]
[PlyCount "187"]
[EventDate "2010.04.19"]
[EventType "swiss"]
[EventRounds "8"]
[EventCountry "ESP"]
[Source "lmi"]
[SourceDate "2010.04.19"]

1. e4 c5 2. Nf3 d6 3. d4 cxd4 4. Nxd4 Nf6 5. Nc3 a6 6. Bg5 e6 7. f4 Nbd7 8. Qf3
Qc7 9. O-O-O Rb8 10. Bd3 b5 11. Rhe1 Bb7 12. Qe2 Be7 13. e5 dxe5 14. fxe5 Nd5
15. Bd2 b4 16. Nxd5 Bxd5 17. b3 a5 18. Kb1 a4 19. Nb5 Qa5 20. Nd6+ Bxd6 21.
exd6 axb3 22. cxb3 Ra8 23. Bc1 Bxb3 24. Rd2 O-O 25. axb3 Qa1+ 26. Kc2 Nc5 27.
Bb2 Qa2 28. Bc4 Nxb3 29. Kd3 Qa4 30. Rc2 Nc5+ 31. Ke3 Qc6 32. Qg4 e5 33. Kf2
Nd7 34. Qe4 Qxd6 35. Bxe5 Nxe5 36. Qxe5 Qb6+ 37. Qe3 Qf6+ 38. Kg1 Ra3 39. Qf2
Qg6 40. Rb2 Qd6 41. Reb1 Ra4 42. Bb5 Ra5 43. Rxb4 Qg6 44. Bc4 Rf5 45. Qb6 Rf6
46. Qa7 h6 47. Rb8 Kh7 48. R8b3 Rd8 49. Qe3 Rfd6 50. h3 Kg8 51. R3b2 Rc6 52.
Be2 Re6 53. Qf3 Rde8 54. Bd3 Qg5 55. Rb8 Qc5+ 56. Qf2 Qd6 57. Rxe8+ Rxe8 58.
Bc4 Qc7 59. Rc1 Re4 60. Qc2 Qe5 61. Bd3 Qd4+ 62. Kh1 Re8 63. Qc4 Qd7 64. Qb5
Qe7 65. Qb2 Rd8 66. Ba6 Qe6 67. Bc4 Qe7 68. Qa2 Rf8 69. Rf1 Qb7 70. Qa6 Qxa6
71. Bxa6 f6 72. Bc4+ Kh7 73. g4 g5 74. Bd3+ Kg7 75. Rb1 Rf7 76. Be4 Re7 77. Rb7
Kf8 78. Rxe7 Kxe7 79. Bf5 Kd6 80. Kg2 Ke5 81. Kg3 h5 82. Kf3 hxg4+ 83. hxg4 Kd5
84. Ke3 Ke5 85. Kd3 Kd5 86. Bc8 Ke5 87. Kc4 Kd6 88. Kb5 Ke5 89. Kc6 f5 90. Bxf5
Kf6 91. Kd6 Kf7 92. Ke5 Kg7 93. Be4 Kh6 94. Kf5 1-0

[Event "12. Open Internacional C. A. Villaverde"]
[Site "Madrid ESP"]
[Date "2010.04.21"]
[Round "3.16"]
[White "Pozuelo Yuen, Fernando"]
[Black "Martin Rodriguez, Jose L"]
[Result "1-0"]
[WhiteElo "1821"]
[BlackElo "1510"]
[PlyCount "23"]
[EventDate "2010.04.19"]
[EventType "swiss"]
[EventRounds "8"]
[EventCountry "ESP"]
[Source "lmi"]
[SourceDate "2010.04.19"]

1. e4 e6 2. d4 d5 3. e5 c5 4. c3 Nc6 5. Nf3 cxd4 6. cxd4 f6 7. exf6 Nxf6 8. Nc3
Bb4 9. Bd3 Qb6 10. O-O Nxd4 11. Nxd4 Qxd4 12. Bb5+ 1-0

[Event "12. Open Internacional C. A. Villaverde"]
[Site "Madrid ESP"]
[Date "2010.04.21"]
[Round "3.17"]
[White "Martinez Miura, Enrique"]
[Black "Nieto Esteban, Manuel"]
[Result "0-1"]
[WhiteElo "1724"]
[BlackElo "1817"]
[PlyCount "54"]
[EventDate "2010.04.19"]
[EventType "swiss"]
[EventRounds "8"]
[EventCountry "ESP"]
[Source "lmi"]
[SourceDate "2010.04.19"]

1. e4 e5 2. Nf3 Nf6 3. Nxe5 d6 4. Nf3 Nxe4 5. d4 d5 6. Bd3 Nc6 7. c3 Be7 8. O-O
O-O 9. Re1 f5 10. Ne5 Bd6 11. Bxe4 fxe4 12. f4 exf3 13. Nxf3 Bg4 14. Nbd2 Kh8
15. b4 Ne7 16. a4 Ng6 17. Qc2 Qf6 18. Rf1 Nf4 19. Bb2 Qh6 20. Ne5 Bf5 21. Qb3
Nd3 22. Ndf3 Bxe5 23. Nxe5 Qe3+ 24. Kh1 Nf2+ 25. Rxf2 Qxf2 26. Ba3 Bc2 27. Qxd5
Qf1+ 0-1